| 000 | 00737nam a2200229 a 4500 | ||
|---|---|---|---|
| 005 | 20240316063736.0 | ||
| 008 | 040422s2002 mx r 000 0 spa d | ||
| 020 | _a9870002919 | ||
| 035 | _aUPN01000133036 | ||
| 049 | _aCG | ||
| 050 | 4 |
_aBC199 D4 _bP3.2 |
|
| 100 | 1 |
_aPalacios, Alfredo Raúl _931600 |
|
| 245 | 1 | 3 |
_aLa definición : _basí en la matemática como en la filosofía / _cAlfredo Raúl Palacios y Alberto Gustavo Palacios. |
| 260 |
_aBuenos Aires ; _aMéxico : _bLumen, _c2002. |
||
| 300 | _a83 p. | ||
| 440 | 0 | _aRelaciones | |
| 650 | 4 |
_aDEFINICION (LOGICA) _912956 |
|
| 650 | 4 |
_aLógica simbólica y matemática _93581 |
|
| 650 | 4 |
_aFilosofía _95327 |
|
| 700 | 1 |
_aPalacios, Alberto Gustavo, _ecoaut. |
|
| 905 | _aLibro | ||
| 999 |
_c105189 _d105189 |
||